00603nam a2200157Ia 4500003000900000008004100009020002600050020002700076040001600103100002200119245011400141260003200255300002000287490003400307856010400341IN-BaIIA211028s9999 xx s 000 0 eng d a9781510620810 (Print) a9781510620827 (Online) cIIA Library aYin, Shizhuo, ed. 0aPhotonic Fiber and Crystal Devices: Advances in Materials and Innovations in Device Applications XIIh[eBook] aWashington, USAbSPIEc2018 aOnline resource aProceedings of SPIE; V. 10755 uhttps://www.spiedigitallibrary.org/conference-proceedings-of-spie/10755yClick Here to Access eBook